5th Gen Girl Groups by Picture - Statistics

General Stats
  • This quiz has been taken 88 times
    57 since last reset
  • The average score is 8 of 10
Answer Stats
Picture Answer % Correct
Illit
96%
TripleS
96%
Babymonster
94%
Kiss of Life
89%
Meovv
85%
Kiiikiii
83%
Hearts2hearts
77%
IZNA
77%
Unis
68%
Badvillain
43%
No matching quizzes found
Score Distribution
Percent of People with Each Score
Percentile by Number Answered
Your Score History
You have not taken this quiz since the last reset